Pred prípadným vstupom Slovenska do EÚ čaká jeho hospodárstvo zásadná reštrukturalizácia
Nevyhnutnosť reštrukturalizácie slovenského hospodárstva pred vstupom do EÚ. Nízka exportná výkonnosť SR. Nízka účinnosť proexportných opatrení vlády. Nevyhovujúca štruktúra slovenského vývozu. Dosahy vylúčenia členstva SR v únii. Výhody asociačnej dohody pre SR. Výhody členstva v EÚ.
Saved in:
| Main Author: | |
|---|---|
| Other Authors: | |
| Format: | Book Chapter |
| Language: | Slovak |
| Subjects: | |
| Tags: |
No Tags, Be the first to tag this record!
|
MARC
| LEADER | 00000naa a2200000 4500 | ||
|---|---|---|---|
| 001 | r026133 | ||
| 005 | 20230921080412.5 | ||
| 041 | 0 | |a slo | |
| 044 | |a SK | ||
| 245 | 1 | 0 | |a Pred prípadným vstupom Slovenska do EÚ čaká jeho hospodárstvo zásadná reštrukturalizácia |c P. Švec, Z. Valkovičová |
| 520 | |a Nevyhnutnosť reštrukturalizácie slovenského hospodárstva pred vstupom do EÚ. Nízka exportná výkonnosť SR. Nízka účinnosť proexportných opatrení vlády. Nevyhovujúca štruktúra slovenského vývozu. Dosahy vylúčenia členstva SR v únii. Výhody asociačnej dohody pre SR. Výhody členstva v EÚ. | ||
| 610 | 2 | 0 | |a hospodárstvo národné |
| 610 | 2 | 0 | |a reštrukturalizácia |
| 610 | 2 | 0 | |a spolupráca hospodárska medzinárodná |
| 610 | 2 | 0 | |a obchod zahraničný |
| 610 | 2 | 0 | |a vývoz |
| 610 | 2 | 0 | |a dohody asociačné |
| 610 | 2 | 0 | |a Európska únia |
| 610 | 2 | 0 | |a Slovensko |
| 100 | 1 | |a Švec, P. | |
| 700 | 1 | |a Valkovičová, Z. | |